<?xml version="1.0" encoding="UTF-8"?>
<collection xmlns:xsi="http://www.w3.org/2001/XMLSchema-instance" xsi:schemaLocation="http://www.loc.gov/MARC21/slim http://www.loc.gov/standards/marcxml/schema/MARC21slim.xsd" xmlns="http://www.loc.gov/MARC21/slim">
 <record>
  <leader>00000caa a22000003a 4500</leader>
  <controlfield tag="001">UP-8027390931312503589</controlfield>
  <controlfield tag="003">Buklod</controlfield>
  <controlfield tag="005">20200317151720.0</controlfield>
  <controlfield tag="006">o--- |     ||   ||</controlfield>
  <controlfield tag="007">ta</controlfield>
  <controlfield tag="008">200317s        xx     d     r    |||| u|</controlfield>
  <datafield tag="035" ind1=" " ind2=" ">
   <subfield code="a">(iLib)UPCEB-00011919344</subfield>
  </datafield>
  <datafield tag="040" ind1=" " ind2=" ">
   <subfield code="a">emz</subfield>
  </datafield>
  <datafield tag="100" ind1="1" ind2=" ">
   <subfield code="a">Nyberg, Lars.</subfield>
  </datafield>
  <datafield tag="245" ind1="0" ind2="4">
   <subfield code="a">Successful Memory Aging.   [article].</subfield>
  </datafield>
  <datafield tag="300" ind1=" " ind2=" ">
   <subfield code="a">pp. 219-243</subfield>
  </datafield>
  <datafield tag="520" ind1=" " ind2=" ">
   <subfield code="a">For more than 50 years, psychologists, gerontologists, and, more recently, neuroscientists have considered the possibility of successful aging. How to define successful aging remains debated, but well-preserved age-sensitive cognitive functions, like episodic memory, is an often-suggested criterion. Evidence for successful memory aging comes from cross-sectional and longitudinal studies showing that some older individuals display high and stable levels of performance. Successful memory aging may be accomplished via multiple paths. One path is through brain maintenance, or relative lack of age-related brain pathology. Through another path, successful memory aging can be accomplished despite brain pathology by means of efficient compensatory and strategic processes. Genetic, epigenetic, and lifestyle factors influence memory aging via both paths. Some of these factors can be promoted throughout the life course, which, at the individual as well as the societal level, can positively impact successful memory aging.  --  (from the author)</subfield>
  </datafield>
  <datafield tag="600" ind1="0" ind2="0">
   <subfield code="a">Pudas, Susan.</subfield>
  </datafield>
  <datafield tag="650" ind1="1" ind2="7">
   <subfield code="a">Successful memory aging.</subfield>
  </datafield>
  <datafield tag="650" ind1="1" ind2="7">
   <subfield code="a">Brain maintenance.</subfield>
  </datafield>
  <datafield tag="650" ind1="1" ind2="7">
   <subfield code="a">Lifestyle.</subfield>
  </datafield>
  <datafield tag="650" ind1="1" ind2="7">
   <subfield code="a">Genetics.</subfield>
  </datafield>
  <datafield tag="773" ind1="0" ind2=" ">
   <subfield code="a">Annual Review of Psychology.</subfield>
   <subfield code="g">vol. 70.  2019.</subfield>
  </datafield>
  <datafield tag="942" ind1=" " ind2=" ">
   <subfield code="a">Analytics</subfield>
  </datafield>
 </record>
</collection>
